000 00599 a2200205 4500
001 131872
020 _a85-262-1905-7
040 _cLeonardo Da Vinci
041 _aPortuguês
082 _aJ C946tc
_bC946tc
100 _aFORNI, Pierre
245 _aNo tempo dos romanos
260 _bScipione
_c1996
_aSão Paulo
300 _a46
362 _a19960000
490 _aCrianças na história
500 _aMariângela Haddad e Monica Stahel (Tradução)
_aGinette Hoffmann (Ilustração)
697 _aLiteratura juvenil
_aRomanos
_aEscravo
_aArenas
_aImpério romano
_aNero
_aRoma
942 _cBK
999 _c131872
_d131872